| 000 | 00000nam##2200000za#4500 |
| 001 | 9.661691 |
| 003 | CaOODSP |
| 005 | 20200330130829 |
| 007 | ta |
| 008 | 150407|2000||||xxc||||| f|0| 0 eng|d |
| 020 | |a0-662-64816-1 |
| 040 | |aCaOODSP|beng |
| 041 | |aeng |
| 041 | |afre |
| 043 | |an-cn--- |
| 086 | 1 |aC2-486/2000-1 |
| 110 | 1 |aCanada. |bIndustry Canada. |
| 245 | 10|aCanada's SchoolNet learning without boundaries : |bconnectivity |
| 260 | |aOttawa - Ontario : |bIndustry Canada |c2000. |
| 546 | |aBilingual |
| 563 | |aPamphlet |
| 590 | |a00-29|b2000-07-21 |
| 690 | 07|aSchools|2gcpds |
| 690 | 07|aInternet|2gcpds |
| 776 | 0#|tRescol canadien - un apprentissage ouvert sur le monde : |w(CaOODSP)9.639878 |
| 776 | 0#|tCanada's SchoolNet - learning without boundaries : |w(CaOODSP)9.695756 |
| 792 | |tRescol canadien un apprentissage ouvert sur le monde : |efre|w(CaOODSP)9.661692 |
| 986 | |a53044B |